000 00784 a2200217 4500
999 _c1050
_d1050
020 _a1779050445
050 0 0 _aGE350 BAL 1996
100 _aLopes, Carlos (editor)
245 0 0 _aBalancing rocks :
_benvironment and development in Zimbabwe /
_cCarlos Lopes (editor).
264 _aHarare
_bSAPES Books
_c1996
300 _a208 p. :
_bill., maps ;
500 _a"A UNDP Zimbabwe staff research project."
500 _a"SAPES Trust"--P. [4] of cover.
504 _aIncludes bibliographical references (p. [205]-208).
650 0 _aSustainable development
700 1 _aLopes, Carlos.
710 2 _aUnited Nations Development Programme.
710 2 _aSAPES Trust.
942 _2lcc
_cBK
_h350
_iBAL
_kGE